000 00683nam a22002057a 4500
003 OSt
005 20230119155356.0
008 221006b |||||||| |||| 00| 0 eng d
040 _cBiblioteca Lado V
082 _a708
_bA791a
110 _9590
_aArtmedia Catalogo
_eautor
245 _aLos Actores del Arte Centroamericano/
260 _bRR Donnelley de Costa Rica S.A.
_aCosta Rica
300 _a100p.
_c24x23cm
650 _2Tesauro de Arte & Arquitectura
_aCATALOGO
650 _2Tesauro de Arte & Arquitectura
_aTAIPEI
650 _2Tesauro de Arte & Arquitectura
_aEXHIBICION
700 _aFitzsimmons, Claire
_eeditor
942 _2ddc
_c1
_h708
_iA791a
_n0
999 _c2851
_d2851